[Event "Rail 4 countries 18th"]
[Site "Hergiswil"]
[Date "2001.06.09"]
[Round "2.3"]
[White "Mitura, Vaclav"]
[Black "Van Dijk, Gert"]
[Result "1-0"]
[WhiteElo "2235"]
[BlackElo "1918"]
[PlyCount "97"]
[EventDate "2001.06.08"]
[EventType "team-tourn"]
[EventRounds "3"]
[EventCountry "SUI"]
[SourceTitle "EXT 2004"]
[Source "ChessBase"]
[SourceDate "2003.11.25"]
[SourceVersion "1"]
[SourceVersionDate "2003.11.25"]
[SourceQuality "1"]

1. d4 d5 2. c4 c6 3. Nf3 Nf6 4. Qc2 g6 5. Bf4 Bg7 6. e3 Qa5+ 7. Nbd2 Na6 8. Be2 Bf5 9. Qb3 Ne4 10. Qxb7 0-0 11. cxd5 Nb4 12. 0-0 Nxd5 13. Nb3 Qb6 14. Qxb6 axb6 15. Be5 f6 16. Bg3 Ra7 17. Nbd2 Nxg3 18. hxg3 Be6 19. Bc4 Kf7 20. Rac1 Rc8 21. Bb3 Bh6 22. a3 b5 23. e4 Nb6 24. d5 cxd5 25. exd5 Bd7 26. Rxc8 Nxc8 27. Ne4 Nd6 28. Nxd6+ exd6 29. Nd4 Rc7 30. f4 Bg7 31. Nc6 f5 32. Rc1 Kf8 33. Rc2 Bf6 34. Kf2 Kg7 35. Ke3 h6 36. Kd3 Kf8 37. Nd4 Rxc2 38. Bxc2 Ke8 39. b3 Kd8 40. Ke3 Kc8 41. Bd3 Bxd4+ 42. Kxd4 Kb7 43. g4 h5 44. gxh5 gxh5 45. g3 Kb6 46. Bf1 Be8 47. Be2 Bf7 48. b4 Kc7 49. Bxb5 1-0